000 00581cam a22002053a 4500
001 45790
003 PGUSA
005 20140828084049.0
008 140527s2014||||xxu|||||s|||||000 | eng d
040 _aPGUSA
_beng
042 _adc
100 1 _aShoemaker, Michael Myers
245 1 0 _aWinged Wheels in France
_h[electronic resource] /
_cMichael Myers Shoemaker
260 _bProject Gutenberg,
_c2014
506 _aPublic domain in the USA.
516 _aElectronic text
830 0 _aProject Gutenberg
_v45790
856 4 0 _uhttp://www.gutenberg.org/ebooks/45790
942 _cEB
999 _c275040
_d275040